Kabale University Library Catalogue

Normal view MARC view
  • Curriculum

Entry Topical Term

Number of records used in: 1

001 - CONTROL NUMBER

  • control field: 15049

003 - CONTROL NUMBER IDENTIFIER

  • control field: OSt

005 - DATE AND TIME OF LATEST TRANSACTION

  • control field: 20260203125505.0

008 - FIXED-LENGTH DATA ELEMENTS

  • fixed length control field: 260203|| aca||aabn | a|a d

040 ## - CATALOGING SOURCE

  • Original cataloging agency: OSt
  • Transcribing agency: OSt

150 ## - HEADING--TOPICAL TERM

  • Topical term or geographic name entry element: Curriculum

670 ## - SOURCE DATA FOUND

  • Source citation: Work cat.: (OSt)5969: Curriculum development for medical education :, c2022

Kabale University Library | Kabale University P.O Box 317, Kabale, Uganda
Tel : +256754017033, +256774661503 E-mail : library@kab.ac.ug